LEADER 00886nam a2200217 i 4500 001 000000102130 003 CaOOAMICUS 005 20180830171927.0 008 180830s1981 xx u000 u und u 013 $a74282 040 $aSeMil$bita 100 1 $aRudiger, Horst.$0(OLS)http://semarc/name/43826 245 10$aParlo tedesco. Vocaboli e fraseologia con pronuncia figurata. 260 $aMilano :$bGarzanti,$c1981. 300 $a216 p. 650 4$aLingua tedesca - Dizionari, vocabolari, glossari, etc.$0(OLS)http://semarc/subject/696 700 1 $aRudiger, Lisa.$0(OLS)http://semarc/name/43827 850 $aSeMil 852 $aSeMil$W1$xVenegono$y1$m60 62 1 *$j58713$B58713$CSeMilBibl$Z2$F69641 $81 996 $6245$aParlo tedesco. Vocaboli e fraseologia con pronuncia figurata$9(OLS)http://semarc/title/148844 996 $6260$aMilano :$bGarzanti$9(OLS)http://semarc/publisher/29852